| 000 | 00615nam 22001693 4500 | ||
|---|---|---|---|
| 001 | 201533 | ||
| 090 | _a201533 | ||
| 100 | _a20260325d u||y0pory50 ba | ||
| 200 |
_aO Rio de Janeiro na literatura portuguesa _fcolectânea organizada por Jacinto do Prado Coelho |
||
| 210 |
_aLisboa _cComissão Nacional das Comemorações do IV Centenário do Rio de Janeiro _d1965 |
||
| 215 |
_a354, [10] p. _cil. ; brochado _d25 cm |
||
| 606 |
_93661 _aCrítica Literária.Estudos Literários |
||
| 675 |
_a82.09 _vPT _zpor |
||
| 700 |
_96287 _aCoelho _bJacinto do Prado _f1920-1984 |
||
| 801 |
_aPT _bBMMN _gRPC |
||
| 830 | _cVanda | ||
| 990 | _cLIVROS | ||